Speed Typing: 1 - 20 in 30 Quiz Stats

 Plays Quiz Updated Nov 6, 2018

Support Sporcle.
Go Orange.
Score 0/20 Timer 00:30
5 Plays Today
% Correct
???
99.2%
???
98%
???
97.4%
???
97.3%
???
96.6%
???
96.6%
???
96.1%
???
95.6%
???
95.2%
???
94.1%
% Correct
???
92.7%
???
90.6%
???
87.4%
???
84.4%
???
79%
???
74.8%
???
68.4%
???
60.1%
???
50.3%
???
43.4%

From the Vault

Language by IKEA Sign

by aglick

Ironically, none of these signs are in Swedish.
Remove Ads.
Support Sporcle.
Get the best of Sporcle when you Go Orange. This ad-free experience offers more features, more stats, and more fun while also helping to support Sporcle. Thank you for becoming a member.

Show Comments

Extras

Top Quizzes Today


Score Distribution

Your Account Isn't Verified!

In order to create a playlist on Sporcle, you need to verify the email address you used during registration. Go to your Sporcle Settings to finish the process.

Report this User

Report this user for behavior that violates our Community Guidelines.

Details: